00676nam a2200145Ia 4500008004100000020001500041050001800056100003500074245006300109260003400172300001800206504002900224505026500253650001200518120622s2002 mx 000 0 spa d a9684014589 aK33bP43 2002 aPedroza Reyes, Leonardoeautor aPrincipios básicos de derechoc / Leonardo Pedroza Reyes aMéxicob : Cardenasc, 2002 a252 páginas aBibliografía (p. 253)  aIntroducción al estudio del derecho Derecho constitucional mexicano Derecho administrativo mexicano Derecho del trabajo mexicano Derecho de la seguridad social mexicano Derecho civil mecicano Derecho mercantil mexicano Otras ramas del derecho (generalidades)14aDERECHO